Statistiques concernant Canada ou États-Unis

Cliquez ici pour prendre le quiz!

Statistiques générales

  • Ce quiz a été pris 694 fois
  • Le résultat moyen est 6 sur 10

Statistiques - réponses

QuestionRéponse% Correct
Celui étant le plus peupléÉtats-Unis
98%
Celui étant le plus grandCanada
89%
Celui ayant le plus bas taux de suicideCanada
88%
Celui ayant eu le plus grand nombre de premiers ministres / présidentsÉtats-Unis
77%
Celui étant le plus proche de la RussieÉtats-Unis
72%
Celui faisant affaire avec le Fond Monétaire InternationalÉtats-Unis
59%
Celui étant le plus vieuxÉtats-Unis
58%
Celui ayant la plus grande capitaleCanada
30%
Celui étant le plus proche de la RD CongoCanada
18%
Celui étant le plus deviné sur JetPunk QuizCanada
15%

Distribution des résultats

Percentile par nombre de réponses

% des personnes avec chaque résultat

Votre développement - résultats

Vous n’avez pas pris ce quiz